| 000 | 00565nam a2200193 a 4500 | ||
|---|---|---|---|
| 005 | 20140310183456.0 | ||
| 008 | 091116s19uu xx 00 eng d | ||
| 020 | _a9781412954914 | ||
| 050 |
_aHF 5549 _b.Y58 2010 |
||
| 100 | _aYork, Kenneth | ||
| 245 |
_aApplied human resource management : _bstrategic issues and experiential exercises / _cKenneth York |
||
| 260 |
_aLos Angeles : _bSage, _c2010. |
||
| 300 |
_a409 p. : _bill. ; _c23 cm. |
||
| 521 | _aBSBA | ||
| 650 | _aPersonnel management. | ||
| 942 |
_cBK _2lcc _kFOR |
||
| 999 |
_c23627 _d23627 |
||